000 00554nam a2200193 a 4500
005 20140412111252.0
008 000818s19uu xx 00 eng d
020 _a0-590-50121-6
050 _aTR(PS E
_bBa21 1994
100 _aNolen, Jerdine
245 _aBalloon farm /
_cJerdine Nolen ; Mark Buehner.
260 _aNew York :
_bScholastic Inc,
_c1994.
300 _a1 v. (unp.) ; ill.
440 _aHarvey Potter's
520 _a"Can a balloon really grow on a plant?"
650 _aBalloon-Fiction
650 _aFarm-Fiction
999 _c103173
_d103173